00337nam a2200109Ia 4500008004100000040001200041082001400053100004800067245005600115260004100171300001500212200103s9999||||xx |||||||||||||| ||und|| aIMU-MPC aColumn-31 aBeer, Ferdinand P. and Johnston, E. Russell 0aVector Machanics for Engineers Statics and Dynamics bMcGraw-Hill Book Company, Inc.c1962 axviii, 781